000 00479nam a22001937a 4500
003 UA-OsUOA
001 38439
007 ta
008 20071210b un ||||| |||| 00| 0 ukr d
090 _a94(477).152K
942 _cBR
040 _aUA-OsUOA
_beng
_cUA-OsUOA
_dUA-OsUOA
245 _a10 Great Reasons to Visit Saskatchewan
955 _a1
041 _aeng
080 _a94(477).152K
650 7 _a9 Географія. Біографії. Історія
_2UDC
999 _c436955
_d436955